000 00523nam a2200181Ia 4500
008 100920s9999 xx 000 0 und d
082 _b58537
_a150 0
100 _aआपटे वामन शिवराम.
245 _aचिंता का करता ---.
260 _b---
_c0
300 _a138
_bसाधी
365 _b30
520 _aशाउ.
630 _aचिंता का करता ---.
650 _aशाउ.
730 _aचिंता का करता ---.
942 _cBOOK
999 _c702192
_d702189